000 00630nam a22001697a 4500
003 BD-DhUL
005 20160818153323.0
008 160818b xxu||||| |||| 00| 0 eng d
040 _cBD-DhUL
082 _a320.1
_bABI
100 _aরহীম, মওলানা আবদুর রহীম
245 _aইসলামী রাজনীতির ভূমিকা /
_cরহীম, মওলানা আবদুর রহীম
260 _aঢাকা :
_bখায়রুল,
_c২০০৭.
300 _a১৮৩ পৃ. ;
_c২২ সেমি.
650 _vরাজনীতি
_vPolitics
942 _2ddc
_cBK
999 _c99445
_d99445